000 00892nam a22003137a 4500
001 0008957
003 KOHA_MİRAKIL
005 20260207001654.0
007 ta
008 091120b2001 tu |||gr||||#||||0|tur |
020 _a9758431471
_c16,25
040 _aTR-BiSEU
_btur
_cTR-BiSEU
_erda
041 0 _atur
044 _ctu
050 _aTA418.9
_b.E77 2001
100 1 _aErsoy, Halit Yaşa.
245 1 _aKompozit malzeme/
_cHalit Yaşa Ersoy ; Halit Yaşa Ersoy.
264 1 _aİstanbul :
_bLiteratür
_c2001
300 _a227 sayfa
336 _ametin
_btxt
_2rdacontent
337 _aaracısız
_bn
_2rdamedia
338 _acilt
_bnc
_2rdacarrier
490 1 _aLiteratür yayınları ;
_v66.
500 _aDizin var.
650 0 _aKompozit malzemeler.
_922401
650 0 _aComposite materials.
_922402
830 1 _aLiteratür yayınları ;
_v66.
_92210
942 _2lcc
_cBK
999 _c8929
_d8929